000 00450nam a2200145Ia 4500
008 090122s9999 xx 000 0 und d
082 _b5786
_a891.4683
100 _aराजाध्यक्ष
_bविजया
245 _aआधी ---- नंतर
600 _aराजाध्यक्ष
630 _aआधी ---- नंतर
700 _aराजाध्यक्ष
730 _aआधी ---- नंतर
942 _cBOOK
999 _c29864
_d29864